| 000 | 00820cam a2200241 a 4500 | ||
|---|---|---|---|
| 001 | 000006174 | ||
| 005 | 20200929151947.0 | ||
| 008 | 020625s2002 sp ab 001 p spa | ||
| 020 | _a8495920077 | ||
| 040 |
_aDO-SdBNP _cDLC _dDLC |
||
| 082 |
_a861.12 _bC229m |
||
| 245 | 0 | 0 |
_aCantar de mio Cid / _ceditor, Luis Galván. |
| 260 |
_aMadrid : _bCooperación Editorial, _bUniversidad de Puerto Rico, _c2002. |
||
| 300 |
_a110 p. : _bil., maps. ; _c21 cm. |
||
| 490 | 1 |
_aClásicos populares _vno. 2 |
|
| 630 | 0 | 4 |
_aCANTAR DE MIO CID _917309 |
| 600 | 0 | 4 |
_aCID, _d1043-1099 _vROMANCES. _917310 |
| 650 | 4 |
_aPoesía épica española _917311 |
|
| 700 | 1 |
_aGalván, Luis, _d1973- _eed. _917312 |
|
| 710 | 2 |
_aUniversidad de Puerto Rico, _917313 |
|
| 830 | 0 |
_aClásicos populares; _vno. 2 _917314 |
|
| 910 | _aCatalogación por copia / LC | ||
| 999 |
_c5970 _d5970 |
||